Expert en Rap FR? Spécial vrais prénoms - Statistiques

Statistiques générales
  • Ce quiz a été pris 206 fois
  • Le résultat moyen est 8 sur 18
Statistiques - réponses
Hint Réponse % Correct
Julien Mari Jul
88%
Élie Yaffa Booba
71%
Julien Schwarzer SCH
71%
William Nzobazola Ninho
70%
Ken Samaras Nekfeu
64%
Stanislas Dinga-Pinto Niska
55%
William Kalubi Mwamba Damso
54%
Armand Okou Gnakouri Kaaris
50%
William Mundala Tiakola
41%
Kassim Djae Alonzo
36%
Walid Georgey Maes
27%
Nabil Boukhobza Naps
27%
Jean-Désiré Sosso Dzabatou Naza
27%
Ryad Kartoum RK
23%
Ibrahima Diakité Gazo
16%
Dylan Sylla Gahoussou Landy
11%
Henoc Pierrick Bofenda Leto
10%
Beni Mosabu SDM
10%
Aucun quiz correspondant
Distribution des résultats
% des personnes avec chaque résultat
Percentile par nombre de réponses
Votre historique - résultats
Vous n’avez pas pris ce quiz